Iowa, Not a Win - Statistics

General Stats
  • This quiz has been taken 8 times
  • The average score is 4 of 9
Answer Stats
Year / Party Answer % Correct
2020 Democrats Pete Buttigieg
86%
2016 Republicans Ted Cruz
86%
1988 Republicans Bob Dole
57%
1980 Republicans George H. W. Bush
57%
2012 Republicans Rick Santorum
43%
2008 Republicans Mike Huckabee
29%
1992 Democrats Tom Harkin
29%
1988 Democrats Dick Gephardt
0%
1972 Democrats Edmund Muskie
0%
No matching quizzes found
Score Distribution
Percent of People with Each Score
Percentile by Number Answered
Your Score History
You have not taken this quiz